000 00453nam a2200145Ia 4500
008 230917s9999||||xx |||||||||||||| ||und||
040 _e162454
_aMAIN
041 _aEnglish
082 _a891.43301731 SS58L
100 _aसंगर, सत्यप्रकाश
245 0 _aलहरों का निमंत्रण
260 _aदिल्ली
_bराजकमल प्रकाशन
_c1970
300 _a230पृ. p.
942 _cHN
999 _c82443
_d82443